Auditoría física en la Facultad de Ingeniería Química de la Universidad Nacional de Ingeniería

Presenta la ejecución de una auditoría informática física en la Facultad de Ingeniería Química de la UNI-RUSB. Analiza el estado actual de la tecnología informática con lo que cuenta la Facultad de Ingeniería química al mismo tiempo ayuda a la toma de decisiones en lo que respecta a la adq...

Full description

Bibliographic Details
Main Author: Canales Mena, Evelyn Sofía
Other Authors: Tutor: Chavarría Carrión, Sixto Leonardo
Format: Tesis Section = Libro
Language:Undetermined
Spanish
Published: Managua UNI 2006
Subjects:
LEADER 01324nam a2200253Ia 4500
008 240830s9999 xx 000 0 und d
040 |a BIBLIOTECA-RUSB/ Mon 004 C212 
041 |a spa 
082 |a Mon 004 C212 
100 1 |a Canales Mena, Evelyn Sofía 
245 1 0 |a Auditoría física en la Facultad de Ingeniería Química de la Universidad Nacional de Ingeniería 
260 |a Managua  |b UNI  |c 2006 
300 |a 69 p. :il. 
500 |a Contiene: anexos. 
502 |a Tesis (Ingeniero en Computación) - UNI, 2006. 
520 3 |a Presenta la ejecución de una auditoría informática física en la Facultad de Ingeniería Química de la UNI-RUSB. Analiza el estado actual de la tecnología informática con lo que cuenta la Facultad de Ingeniería química al mismo tiempo ayuda a la toma de decisiones en lo que respecta a la adquisición de tecnología informática, esto va ser posible mediante la elaboración de un inventario de los equipos con los que cuenta la FIQ. 
650 7 |a AUDITORÍA INFORMÁTICA - FIQ 
650 7 |b  TECNOLOGÍA INFORMÁTICA - AUDITORÍA 
650 7 |c  SEGURIDAD FÍSICA - TECNOLOGÍA INFORMÁTICA 
650 7 |d  EVALUACIÓN CONTROL INTERNO FIQ 
700 1 |a Tutor:  |b Chavarría Carrión, Sixto Leonardo 
942 |c BK  |2 ddc 
991 |a TESIS 
999 |c 19595